[Event "Wch Seniors 65 26th"]
[Site "Marianske Lazne"]
[Date "2016.11.26"]
[Round "7"]
[White "Wheeler, Robert"]
[Black "Behling, Robert"]
[Result "1/2-1/2"]
[WhiteElo "2007"]
[BlackElo "2118"]
[PlyCount "87"]
[EventDate "2016.11.19"]
[EventType "swiss"]
[EventRounds "11"]
[EventCountry "CZE"]
[SourceTitle "CBM 175 Extra"]
[Source "ChessBase"]
[SourceDate "2016.12.12"]
[SourceVersion "1"]
[SourceVersionDate "2016.12.12"]
[SourceQuality "1"]

1. Nf3 d5 2. d4 Nf6 3. c4 e6 4. g3 Be7 5. Bg2 0-0 6. Qc2 dxc4 7. Qxc4 a6 8. 0-0 b5 9. Qc2 Bb7 10. Nbd2 Nbd7 11. e4 c5 12. e5 Nd5 13. dxc5 Nxc5 14. a3 Rc8 15. Nb3 Nxb3 16. Qxb3 Qc7 17. Bd2 Qc2 18. Qa2 h6 19. Rfd1 Bc5 20. Rac1 Qf5 21. Qb1 Qxb1 22. Rxb1 Ne7 23. Rbc1 Bd5 24. Rc3 Bb6 25. Rxc8 Rxc8 26. Bc3 Kf8 27. Nd2 Bxg2 28. Kxg2 Nd5 29. Ne4 Rc4 30. Kf3 a5 31. Rd3 b4 32. axb4 axb4 33. Be1 Rc1 34. Bd2 Rc2 35. b3 Bc7 36. Nd6 Bxd6 37. exd6 Ke8 38. Rd4 Rb2 39. Rd3 Kd7 40. Be3 f6 41. Bd2 Kc6 42. d7 Kxd7 43. Bxb4 Ke8 44. Ba3 1/2-1/2

[Event "Kingston Roper Memorial"]
[Site "Kingston"]
[Date "2016.07.09"]
[Round "2"]
[White "Wheeler, Robert"]
[Black "Chin, Eton"]
[Result "1-0"]
[WhiteElo "2016"]
[BlackElo "1869"]
[PlyCount "111"]
[EventDate "2016.07.09"]
[EventType "tourn"]
[EventRounds "10"]
[EventCountry "JAM"]
[SourceTitle "EXT 2018"]
[Source "ChessBase"]
[SourceDate "2017.10.13"]
[SourceVersion "1"]
[SourceVersionDate "2017.10.13"]
[SourceQuality "1"]

1. c4 e5 2. g3 Nf6 3. Bg2 Be7 4. Nc3 0-0 5. d3 c6 6. Nf3 Qc7 7. Bd2 a6 8. Rc1 h6 9. 0-0 d6 10. h3 Be6 11. e4 Nbd7 12. b3 Rab8 13. d4 Nb6 14. Be3 Nc8 15. dxe5 dxe5 16. Nxe5 Bd6 17. Nd3 Nd7 18. c5 Be7 19. f4 f6 20. Na4 Qd8 21. Kh2 Qe8 22. Bf3 Bd8 23. Qe2 Bc7 24. Bd4 Ne7 25. Ndb2 Nc8 26. Nc4 Qe7 27. Rfe1 Re8 28. Qg2 Rd8 29. Qf2 Nf8 30. Red1 Na7 31. Nab2 Nb5 32. Be3 Rxd1 33. Bxd1 Rd8 34. a4 Bxc4 35. Nxc4 Nc3 36. Rxc3 Rxd1 37. Nb2 Rd8 38. Rc4 Ne6 39. Qc2 Nf8 40. Rd4 Ne6 41. Rxd8+ Nxd8 42. Qd3 Ne6 43. b4 Kf8 44. Qc4 g5 45. Nd3 Ng7 46. Kg2 gxf4 47. gxf4 Nh5 48. Kf3 Qd7 49. Nf2 Qg7 50. Ng4 Ke7 51. f5 Kd8 52. Bxh6 Qh7 53. Qe6 Bb8 54. Nxf6 Nxf6 55. Qxf6+ Kc8 56. Qg7 1-0

[Event "Kingston Millionaire qual"]
[Site "Kingston"]
[Date "2015.08.09"]
[Round "5"]
[White "Lorne, Ras Malaku"]
[Black "Wheeler, Robert"]
[Result "1-0"]
[WhiteElo "2103"]
[BlackElo "2118"]
[PlyCount "123"]
[EventDate "2015.08.05"]
[EventType "swiss"]
[EventRounds "6"]
[EventCountry "JAM"]
[SourceTitle "EXT 2018"]
[Source "ChessBase"]
[SourceDate "2017.10.13"]
[SourceVersion "1"]
[SourceVersionDate "2017.10.13"]
[SourceQuality "1"]

1. d4 c5 2. d5 d6 3. e4 Nf6 4. Nc3 g6 5. Bg5 Bg7 6. f3 a6 7. a4 b6 8. Qd2 0-0 9. g4 Re8 10. Nge2 Nbd7 11. Ng3 Ne5 12. Be2 Rb8 13. 0-0 Qc7 14. h3 Ned7 15. Bh6 Nf8 16. Bxg7 Kxg7 17. f4 c4 18. Qd4 Qc5 19. Qxc5 bxc5 20. Bxc4 Rb4 21. b3 h6 22. Rae1 N6d7 23. Kg2 f6 24. Bd3 Nh7 25. Nb1 Nb8 26. Nd2 Rb7 27. Nc4 Rd8 28. Rd1 Rc7 29. Rf2 Bb7 30. h4 Bc8 31. Kf3 Rf8 32. c3 Rb7 33. Rb1 Bd7 34. Ra2 Rd8 35. b4 cxb4 36. cxb4 Be8 37. Ne2 Rc8 38. Nd4 Nf8 39. Ke3 Bd7 40. f5 Be8 41. b5 axb5 42. axb5 Nbd7 43. Na5 Rb6 44. Nac6 Ne5 45. Nxe5 fxe5 46. Nc6 Rb7 47. Ra6 Kf6 48. Na5 Rbb8 49. b6 Nd7 50. b7 Rc3 51. Ra8 Ra3 52. Rxb8 Nxb8 53. Nc6 Bxc6 54. dxc6 Rc3 55. Rb6 Rxc6 56. Rxc6 Nxc6 57. Bb5 Nb8 58. fxg6 Kxg6 59. Kd3 e6 60. Kc4 Kf6 61. Kb4 Ke7 62. Ka5 1-0

[Event "JAM-ch"]
[Site "Kingston"]
[Date "2005.05.07"]
[Round "10.2"]
[White "Brown, Equitable"]
[Black "Wheeler, Robert"]
[Result "1/2-1/2"]
[WhiteElo "2044"]
[BlackElo "2164"]
[PlyCount "111"]
[EventDate "2005.04.03"]
[EventType "tourn"]
[EventRounds "11"]
[EventCountry "JAM"]
[SourceTitle "EXT 2015"]
[Source "ChessBase"]
[SourceDate "2014.11.20"]
[SourceVersion "1"]
[SourceVersionDate "2014.11.20"]
[SourceQuality "1"]

1. d4 Nf6 2. c4 g6 3. Nc3 d5 4. Nf3 Bg7 5. Bf4 c6 6. e3 0-0 7. Rc1 Be6 8. Ng5 Bf5 9. Qb3 Qb6 10. Qa3 Qd8 11. cxd5 cxd5 12. Bxb8 Qxb8 13. Qxe7 h6 14. Nf3 Re8 15. Qa3 a6 16. Be2 b5 17. Qb3 Qd6 18. 0-0 Rec8 19. Ne5 Be6 20. Nd3 Ne4 21. Rfd1 Nf6 22. Bf3 g5 23. g3 Bf8 24. Nc5 Ra7 25. a4 bxa4 26. N3xa4 Rb8 27. Qc2 Rc7 28. Qd3 Rbc8 29. Ra1 Ra8 30. Nc3 Rca7 31. e4 dxe4 32. N3xe4 Nxe4 33. Nxe4 Qe7 34. Nc3 Rb8 35. d5 Bd7 36. Qd4 Qc5 37. Qe5 Qd6 38. Qe2 Bg7 39. Ne4 Qb6 40. Rd2 Re8 41. Qd1 Bf5 42. Nc3 Rd8 43. Qe2 Qd6 44. Re1 Qb4 45. Qe3 Rad7 46. Bg2 Bf6 47. Ra1 Qd6 48. Qe2 Ra8 49. Nb5 Qe5 50. Qxe5 Bxe5 51. d6 Rb8 52. Bc6 axb5 53. Bxd7 Bxd7 54. Ra7 Rd8 55. Re2 Bf6 56. Rd2 1/2-1/2

[Event "JAM-ch"]
[Site "Kingston"]
[Date "2005.04.16"]
[Round "4.3"]
[White "Wheeler, Robert"]
[Black "Elliott, Warren"]
[Result "0-1"]
[WhiteElo "2164"]
[BlackElo "2242"]
[PlyCount "58"]
[EventDate "2005.04.03"]
[EventType "tourn"]
[EventRounds "11"]
[EventCountry "JAM"]
[SourceTitle "EXT 2015"]
[Source "ChessBase"]
[SourceDate "2014.11.20"]
[SourceVersion "1"]
[SourceVersionDate "2014.11.20"]
[SourceQuality "1"]

1. d4 Nf6 2. c4 c5 3. d5 b5 4. cxb5 a6 5. f3 e6 6. dxe6 fxe6 7. e4 d5 8. e5 Nfd7 9. f4 axb5 10. Bd3 Qb6 11. Qh5+ Kd8 12. Nf3 c4 13. Bc2 Bb4+ 14. Kf1 Be7 15. Ng5 Kc7 16. Qg4 Bxg5 17. Qxg5 b4 18. a3 c3 19. Qe7 Ba6+ 20. Ke1 Qb5 21. Qd6+ Kd8 22. Bd1 c2 23. Bg4 cxb1Q 24. Rxb1 Qc6 25. Qxe6 Qc2 26. Qxd5 Qxb1 27. Bxd7 Qxc1+ 28. Kf2 Qxf4+ 29. Ke1 Qe3+ 0-1

[Event "Olympiad-35"]
[Site "Bled"]
[Date "2002.10.26"]
[Round "1.3"]
[White "Zelcic, Robert"]
[Black "Wheeler, Robert"]
[Result "1-0"]
[WhiteElo "2554"]
[BlackElo "2169"]
[PlyCount "73"]
[EventDate "2002.10.26"]
[EventType "team-swiss"]
[EventRounds "14"]
[EventCountry "SLO"]
[SourceTitle "EXT 2003"]
[Source "ChessBase"]
[SourceDate "2002.11.25"]
[SourceVersion "1"]
[SourceVersionDate "2002.11.25"]
[SourceQuality "1"]
[WhiteTeam "Croatia"]
[BlackTeam "Jamaica"]
[WhiteTeamCountry "CRO"]
[BlackTeamCountry "JAM"]

1. e4 Nf6 2. e5 Nd5 3. d4 d6 4. Nf3 Bg4 5. Be2 e6 6. 0-0 Be7 7. h3 Bh5 8. c4 Nb6 9. Nc3 0-0 10. Be3 N8d7 11. exd6 cxd6 12. b3 Bf6 13. Rc1 d5 14. c5 Nc8 15. b4 Bxf3 16. Bxf3 Ne7 17. Qd3 Nc6 18. a3 Bg5 19. Rfd1 Qf6 20. Qd2 h6 21. Bg4 Rfd8 22. f4 Bh4 23. f5 Nf8 24. fxe6 fxe6 25. Rf1 Qg6 26. Nb5 Rd7 27. Qe2 Re7 28. Bh5 Qh7 29. Qg4 Qd3 30. Rc3 Qxb5 31. Qxh4 a5 32. Bxh6 axb4 33. Rcf3 Qc4 34. Bf7+ Rxf7 35. Rxf7 Qxd4+ 36. Qxd4 Nxd4 37. Rxg7+ 1-0

[Event "Olympiad-34"]
[Site "Istanbul"]
[Date "2000.11.02"]
[Round "6.4"]
[White "Wheeler, Robert"]
[Black "Atakisi, Umut"]
[Result "1/2-1/2"]
[WhiteElo "2226"]
[BlackElo "2258"]
[PlyCount "109"]
[EventDate "2000.10.28"]
[EventType "team-swiss"]
[EventRounds "14"]
[EventCountry "TUR"]
[SourceTitle "EXT 2001"]
[Source "ChessBase"]
[SourceDate "2000.11.22"]
[SourceVersion "1"]
[SourceVersionDate "2000.11.22"]
[SourceQuality "1"]
[WhiteTeam "Jamaica"]
[BlackTeam "Turkey"]
[WhiteTeamCountry "JAM"]
[BlackTeamCountry "TUR"]

1. Nf3 Nf6 2. c4 c5 3. g3 d5 4. cxd5 Nxd5 5. Bg2 Nc6 6. 0-0 e5 7. Nc3 Nc7 8. d3 Be7 9. Be3 0-0 10. Qc1 b6 11. Rb1 f6 12. a3 Bb7 13. Re1 Nd4 14. Ne4 Nd5 15. Qc4 Kh8 16. Bd2 a5 17. Nxd4 cxd4 18. b4 a4 19. Rbc1 f5 20. Ng5 Rc8 21. Qa2 Rxc1 22. Bxc1 Qd7 23. Nf3 Bf6 24. Nd2 Rc8 25. Nb1 b5 26. Bd2 h6 27. Rc1 Re8 28. Rc5 e4 29. dxe4 fxe4 30. Rc1 Nb6 31. Be1 Bd5 32. Qc2 Bb3 33. Qc6 Qxc6 34. Rxc6 Nc4 35. Rc5 d3 36. e3 Bb2 37. Rxb5 Bc1 38. Rc5 Rd8 39. Bxe4 d2 40. Nxd2 Bxd2 41. Bxd2 Nxd2 42. Bc6 Nc4 43. Bxa4 Rd1+ 44. Kg2 Nxe3+ 45. Kf3 Bxa4 46. Kxe3 Rb1 47. Rc3 Kg8 48. h4 Kf7 49. Kd4 Ke6 50. Re3+ Kd6 51. Rf3 Rd1+ 52. Kc4 Rc1+ 53. Kd4 Rd1+ 54. Kc4 Rc1+ 55. Kd4 1/2-1/2

[Event "JAM-ch 32nd"]
[Site "Kingston"]
[Date "2000.09.13"]
[Round "6.6"]
[White "Pitterson, Jomo"]
[Black "Wheeler, Robert"]
[Result "1-0"]
[WhiteElo "2252"]
[BlackElo "2193"]
[PlyCount "53"]
[EventDate "2000.??.??"]
[EventType "tourn"]
[EventRounds "11"]
[EventCountry "JAM"]
[SourceTitle "EXT 2005"]
[Source "ChessBase"]
[SourceDate "2004.11.15"]
[SourceVersion "1"]
[SourceVersionDate "2004.11.15"]
[SourceQuality "1"]

1. d4 d5 2. Nf3 Nf6 3. c4 dxc4 4. Nc3 g6 5. e4 Bg7 6. Bxc4 c6 7. h3 0-0 8. 0-0 Nfd7 9. Be3 Nb6 10. Bb3 Na6 11. Rc1 Bd7 12. Qd2 Be8 13. Rfd1 Nc7 14. Ne2 Nd7 15. Bh6 Nf6 16. Ng3 Bd7 17. Qf4 Rc8 18. Qh4 Be6 19. d5 cxd5 20. e5 Nfe8 21. Ng5 f6 22. Nxe6 Nxe6 23. Bxd5 Qd7 24. Bc4 Qc6 25. Bb3 g5 26. Rxc6 gxh4 27. Rxc8 1-0

[Event "JAM-ch 32nd"]
[Site "Kingston"]
[Date "2000.09.10"]
[Round "5.2"]
[White "Wheeler, Robert"]
[Black "Elliott, Warren"]
[Result "1/2-1/2"]
[WhiteElo "2193"]
[BlackElo "2200"]
[PlyCount "35"]
[EventDate "2000.??.??"]
[EventType "tourn"]
[EventRounds "11"]
[EventCountry "JAM"]
[SourceTitle "EXT 2005"]
[Source "ChessBase"]
[SourceDate "2004.11.15"]
[SourceVersion "1"]
[SourceVersionDate "2004.11.15"]
[SourceQuality "1"]

1. e4 c5 2. Nf3 d6 3. Bb5+ Nd7 4. c3 Ngf6 5. Qe2 a6 6. Ba4 b5 7. Bc2 Bb7 8. 0-0 e6 9. Re1 Be7 10. d3 0-0 11. Nbd2 Qc7 12. Nf1 Rfc8 13. Ng3 Bf8 14. h3 g6 15. Bf4 Bg7 16. Qd2 Ne8 17. Rac1 Qa5 18. Bb1 1/2-1/2

[Event "JAM-ch 32nd"]
[Site "Kingston"]
[Date "2000.09.03"]
[Round "3.3"]
[White "Wheeler, Robert"]
[Black "Matthews, Shane"]
[Result "0-1"]
[WhiteElo "2193"]
[BlackElo "2268"]
[PlyCount "80"]
[EventDate "2000.??.??"]
[EventType "tourn"]
[EventRounds "11"]
[EventCountry "JAM"]
[SourceTitle "EXT 2005"]
[Source "ChessBase"]
[SourceDate "2004.11.15"]
[SourceVersion "1"]
[SourceVersionDate "2004.11.15"]
[SourceQuality "1"]

1. d4 Nf6 2. Nf3 g6 3. g3 Bg7 4. Bg2 0-0 5. 0-0 d6 6. Nbd2 Nc6 7. e4 Bg4 8. c3 e5 9. dxe5 Nxe5 10. Qc2 Qe7 11. Nxe5 Qxe5 12. h3 Bd7 13. Nc4 Qh5 14. Qd1 Bb5 15. Qxh5 Nxh5 16. b3 Bxc3 17. Rb1 Bg7 18. Rd1 Rfe8 19. Be3 Bc6 20. g4 Nf6 21. f3 a5 22. g5 Nd7 23. Bf2 h6 24. h4 hxg5 25. hxg5 Nf8 26. Bh3 Ne6 27. Bxe6 fxe6 28. Ne3 Rf8 29. Kg2 Rf7 30. Bg3 Raf8 31. Rf1 d5 32. exd5 exd5 33. Ng4 d4 34. Nh2 Rf5 35. Bh4 d3 36. Rbd1 Rd8 37. Ng4 Rd4 38. Kg3 Bf8 39. Nf6+ Kf7 40. Rd2 Bd6+ 0-1

[Event "Valencia Sub zt 2.3.5"]
[Site "Valencia"]
[Date "2000.??.??"]
[Round "6"]
[White "Pitterson, Jomo"]
[Black "Wheeler, Robert"]
[Result "1/2-1/2"]
[WhiteElo "2262"]
[BlackElo "2226"]
[PlyCount "44"]
[EventDate "2000.08.13"]
[EventType "swiss"]
[EventRounds "9"]
[EventCountry "VEN"]
[SourceTitle "EXT 2001"]
[Source "ChessBase"]
[SourceDate "2000.11.22"]
[SourceVersion "1"]
[SourceVersionDate "2000.11.22"]
[SourceQuality "1"]

1. e4 c6 2. d4 d5 3. Nc3 dxe4 4. Nxe4 Bf5 5. Ng3 Bg6 6. h4 h6 7. h5 Bh7 8. Nf3 Nf6 9. Bd3 Bxd3 10. Qxd3 e6 11. Bd2 Nbd7 12. 0-0-0 Be7 13. Qe2 0-0 14. Ne4 c5 15. dxc5 Qc7 16. Bc3 Qf4+ 17. Nfd2 Nxe4 18. Qxe4 Qxe4 19. Nxe4 Nxc5 20. Nxc5 Bxc5 21. f3 Rfd8 22. Rhe1 Bb6 1/2-1/2

[Event "Valencia Sub zt 2.3.5"]
[Site "Valencia"]
[Date "2000.??.??"]
[Round "3"]
[White "Ramsingh, Yogendranath"]
[Black "Wheeler, Robert"]
[Result "0-1"]
[WhiteElo "2246"]
[BlackElo "2226"]
[PlyCount "127"]
[EventDate "2000.08.13"]
[EventType "swiss"]
[EventRounds "9"]
[EventCountry "VEN"]
[SourceTitle "EXT 2001"]
[Source "ChessBase"]
[SourceDate "2000.11.22"]
[SourceVersion "1"]
[SourceVersionDate "2000.11.22"]
[SourceQuality "1"]

1. d4 Nf6 2. Nf3 g6 3. c4 Bg7 4. Nc3 d5 5. Bf4 c6 6. e3 0-0 7. h3 h6 8. Bd3 Be6 9. cxd5 Nxd5 10. Be5 Nf6 11. 0-0 Nbd7 12. Bh2 Nb6 13. Qe2 Rc8 14. Rfd1 Nbd5 15. e4 Nxc3 16. bxc3 Qa5 17. c4 Rcd8 18. d5 Bc8 19. e5 Ne8 20. Be4 cxd5 21. Rxd5 Rxd5 22. cxd5 Nc7 23. Rd1 Nb5 24. Qd2 Qa4 25. Nd4 Nc3 26. Re1 Qc4 27. Qd3 Qxd3 28. Bxd3 Nxd5 29. Bc4 Nb6 30. Bb3 a6 31. Rc1 e6 32. Rc7 Rd8 33. Ne2 Bf8 34. Kf1 Nd5 35. Rc1 Nb4 36. Rd1 Rxd1+ 37. Bxd1 Nxa2 38. Bf4 Bd7 39. Ng3 Nc3 40. Bf3 Nd5 41. Bc1 Bb5+ 42. Kg1 Bd3 43. Ne4 Bxe4 44. Bxe4 h5 45. Kf1 Bc5 46. g3 Kf8 47. f4 Ke8 48. g4 hxg4 49. hxg4 b5 50. f5 gxf5 51. gxf5 Bd4 52. Bxd5 exd5 53. Bf4 b4 54. Ke2 Bc3 55. Kd3 a5 56. Kc2 a4 57. Bg3 Kd7 58. Bf4 d4 59. Bc1 d3+ 60. Kxd3 Bxe5 61. Kc4 b3 62. Kb4 b2 63. Bxb2 Bxb2 64. Kxa4 0-1